Practical plant Layout

Gespeichert in:
Bibliographische Detailangaben
1. Verfasser: Muther, Richard (VerfasserIn)
Weitere Verfasser: Maynard, Harold Bright (autor)
Format: Buch
Sprache:Englisch
Veröffentlicht: Nueva York McGraw-Hill 1955
Schlagworte:
Tags: Tag hinzufügen
Keine Tags, Fügen Sie den ersten Tag hinzu!

MARC

LEADER 00000nam a2200000 a 4500
001 UCU7092
003 CL-VaPUC
008 960628e19550000US |||||||||||||||||eng|d
082 0 4 |a 658.23  |b MUT  |2 21 
100 0 |a Muther, Richard  |e author  |9 365621 
700 |a Maynard, Harold Bright  |e autor  |9 427504 
245 1 0 |a Practical plant Layout 
300 |a 363 p 
942 |c BK 
945 |d 19960628 00:00:00  |a cmena 
260 |a Nueva York  |b McGraw-Hill  |c 1955 
650 0 |a Administración  |9 259325 
650 0 |a Equipo industrial   |9 263607 
650 0 |a Plantas industriales  |9 364524 
650 7 |a RECURSOS DE EQUIPAMIENTO  |2 CL-VaPUC  |9 361683 
650 7 |a GESTION DE LOS BIENES DE EQUIPO  |2 CL-VaPUC  |9 365623 
650 0 |a Maquinaria  |9 260482 
583 |a last modification  |c 19960628 00:00:00  |k Rodrigo Vera 
999 |c 249796  |d 249794